00489nam a2200157Ia 4500003000900000008004100009020001600050040001600066080001500082100002200097245008900119260004600208300001000254650004100264650002600305IN-BaIIA211028s9999 xx 000 0 eng d a1-9765-0116 cIIA Library a52-36bYOU aYoung, Richard S. 0aExtraterrestrial biologycRichard S. Young  aNew YorkbHolt Rinehard and Winstonc1966 a119p. aAstronomy and astrophysics thesaurus aExtraterrestrial life